000 01642nam0a22003611 4500
001 rc\3044138
005 20250806202101.0
035 _a(NLR Aleph) 007183987
090 _a42689
_c42689
100 _a20111007d1941 u y0rusy50 ca
101 0 _arus
102 _aRU
105 _aa z |||||
200 1 _aЛен, конопля и новые лубяные культуры
_eАльбом фотоснимков по материалам павильона ВСХВ
_fРед. коллегия: Бенедиктов, И.Г. Большаков, А.В. Гриценко и др.
_gХудож. Н.С. Трошин
_gС.А. Ишков, М.Н. Леонтьева, К.Т. Осипов, М.В. Сулковский
210 _a[Москва]
_cСельхозгиз
_d1941
215 _a160 ненум. с.
_cил.
_d28 см
517 0 0 _aЛен и конопля
702 1 _aБенедиктов
_bИ.А.
_gИван Александрович
_4340
702 1 _aБольшаков
_bИ.Г.
_4340
702 1 _aГриценко
_bА.В.
_4340
702 1 _aТрошин
_bН.С.
_4440
702 1 _aИшков
_bС.А.
_gСергей Александрович
_4220
702 1 _aЛеонтьева
_bМ.Н.
_4220
702 1 _aОсипов
_bК.Т.
_4220
702 1 _aСулковский
_bМ.В.
_4220
710 1 2 _aВсесоюзная сельско-хозяйственная выставка
_eМосква
_f1939-1940
801 0 _aRU
_bNLR
_gpsbo
801 1 _aRU
_bELAR
_2rusmarc
852 _aNLR
_bС
_j50 Г-7/7
942 _cBOOK
945 _aРоссийская национальная библиотека
980 _aNB
980 _aBV